<?xml version="1.0" encoding="UTF-8"?>
<collection xmlns="http://www.loc.gov/MARC21/slim">
<record>
  <controlfield tag="001">128764</controlfield>
  <controlfield tag="005">20231213131037.0</controlfield>
  <datafield tag="037" ind1=" " ind2=" ">
    <subfield code="a">TAZ-TFM-2019-1498</subfield>
  </datafield>
  <datafield tag="041" ind1=" " ind2=" ">
    <subfield code="a">spa</subfield>
  </datafield>
  <datafield tag="100" ind1="1" ind2=" ">
    <subfield code="a">Sánchez Sánchez, Antonio</subfield>
  </datafield>
  <datafield tag="242" ind1="0" ind2="0">
    <subfield code="a">Ambivalent sexism and gender violence: the state of the question</subfield>
  </datafield>
  <datafield tag="245" ind1="0" ind2="0">
    <subfield code="a">Sexismo ambivalente y violencia de género: estado de la cuestión</subfield>
  </datafield>
  <datafield tag="260" ind1=" " ind2=" ">
    <subfield code="a">Zaragoza</subfield>
    <subfield code="b">Universidad de Zaragoza</subfield>
    <subfield code="c">2019</subfield>
  </datafield>
  <datafield tag="506" ind1=" " ind2=" ">
    <subfield code="a">by-nc-sa</subfield>
    <subfield code="b">Creative Commons</subfield>
    <subfield code="c">3.0</subfield>
    <subfield code="u">http://creativecommons.org/licenses/by-nc-sa/3.0/</subfield>
  </datafield>
  <datafield tag="520" ind1=" " ind2=" ">
    <subfield code="a">Se ha realizado una búsqueda y posterior revisión bibliográfica de publicaciones científicas que estudian la presencia de creencias y comportamientos sexistas en la población en general y, más concretamente, en el sector de edad de jóvenes y adolescentes. Asimismo, se han analizado diversas escalas diseñadas para medir la presencia de estereotipos de género en distintos grupos de población y cómo esos estereotipos afectan tanto a los individuos como a las relaciones interpersonales del grupo etario considerado.&lt;br />Fruto de esta revisión se han considerado relevantes, tanto desde el punto de vista teórico como desde el punto de vista de la intervención en el ámbito educativo, dos conceptualizaciones: el neosexismo y el sexismo ambivalente. El neosexismo aporta un desarrollo conceptual que analiza tanto las concepciones negacionistas de la discriminación por razones de género, como las actitudes agresivas y de resistencia contra toda situación y medida que combata dicha discriminación.&lt;br />El concepto de sexismo ambivalente se analiza en sus dos vertientes, el sexismo hostil y el sexismo benevolente. Esta conceptualización resalta que ambas vertientes incorporan manifestaciones de sexismo, incluso la aparentemente positiva del sexismo benevolente, contribuyen a perpetuar la discriminación por razones de género.&lt;br />El análisis de los resultados de los trabajos considerados en esta revisión pone de manifiesto la necesidad de generar programas de intervención y prevención para el segmento de población adolescente y juvenil, puesto que queda demostrado que el sexismo puede ser un factor de riesgo para la aparición de conductas de violencia de género.&lt;br />&lt;br /></subfield>
  </datafield>
  <datafield tag="521" ind1=" " ind2=" ">
    <subfield code="a">Máster Universitario en Psicología General Sanitaria</subfield>
  </datafield>
  <datafield tag="540" ind1=" " ind2=" ">
    <subfield code="a">Derechos regulados por licencia Creative Commons</subfield>
  </datafield>
  <datafield tag="700" ind1=" " ind2=" ">
    <subfield code="a">Barrasa Notario, Ángel</subfield>
    <subfield code="e">dir.</subfield>
  </datafield>
  <datafield tag="710" ind1="2" ind2=" ">
    <subfield code="a">Universidad de Zaragoza</subfield>
    <subfield code="b">Psicología y Sociología</subfield>
    <subfield code="c">Psicología Social</subfield>
  </datafield>
  <datafield tag="856" ind1="0" ind2=" ">
    <subfield code="f">558119@celes.unizar.es</subfield>
  </datafield>
  <datafield tag="856" ind1="4" ind2=" ">
    <subfield code="s">1919884</subfield>
    <subfield code="u">http://zaguan.unizar.es/record/128764/files/TAZ-TFM-2019-1498.pdf</subfield>
    <subfield code="y">Memoria (spa)</subfield>
  </datafield>
  <datafield tag="909" ind1="C" ind2="O">
    <subfield code="o">oai:zaguan.unizar.es:128764</subfield>
    <subfield code="p">driver</subfield>
    <subfield code="p">trabajos-fin-master</subfield>
  </datafield>
  <datafield tag="950" ind1=" " ind2=" ">
    <subfield code="a"></subfield>
  </datafield>
  <datafield tag="980" ind1=" " ind2=" ">
    <subfield code="a">TAZ</subfield>
    <subfield code="b">TFM</subfield>
    <subfield code="c">FCSH</subfield>
  </datafield>
  <datafield tag="999" ind1=" " ind2=" ">
    <subfield code="a">20191127194022.CREATION_DATE</subfield>
  </datafield>
  <datafield tag="951" ind1=" " ind2=" ">
    <subfield code="a">deposita:2023-12-13</subfield>
  </datafield>
</record>
</collection>